000 00309nam a2200109Ia 4500
008 240109s9999 xx 000 0 und d
041 _aeng
100 _aTaylor and Steward
245 _aHandbook of Financial Sales & Marketing Management
260 _bCassell Educational Ltd,London
650 _aManagement
999 _c1021991
_d1021991